<?xml version="1.0" encoding="UTF-8"?>
<record
    xmlns:xsi="http://www.w3.org/2001/XMLSchema-instance"
    xsi:schemaLocation="http://www.loc.gov/MARC21/slim http://www.loc.gov/standards/marcxml/schema/MARC21slim.xsd"
    xmlns="http://www.loc.gov/MARC21/slim">

  <leader>01715nam a2200385 a 4500</leader>
  <controlfield tag="001">000024125</controlfield>
  <controlfield tag="003">DO-SdBNP</controlfield>
  <controlfield tag="005">20210326143304.0</controlfield>
  <controlfield tag="007">000024125</controlfield>
  <controlfield tag="008">110119s2013    dr       b    000 0 spa d</controlfield>
  <datafield tag="020" ind1=" " ind2=" ">
    <subfield code="a">9789945887747 (v. 1)</subfield>
  </datafield>
  <datafield tag="020" ind1=" " ind2=" ">
    <subfield code="a">9789945887754 (v. 2)</subfield>
  </datafield>
  <datafield tag="020" ind1=" " ind2=" ">
    <subfield code="a">9789945887761 (v. 3)</subfield>
  </datafield>
  <datafield tag="040" ind1=" " ind2=" ">
    <subfield code="a">BPMSU</subfield>
    <subfield code="b">spa</subfield>
    <subfield code="c">BPMSU</subfield>
  </datafield>
  <datafield tag="082" ind1=" " ind2="4">
    <subfield code="a">R 016.97293</subfield>
    <subfield code="b">M938b</subfield>
  </datafield>
  <datafield tag="100" ind1="1" ind2=" ">
    <subfield code="a">Moya Pons, Frank</subfield>
    <subfield code="d">1944-</subfield>
  </datafield>
  <datafield tag="245" ind1="1" ind2="0">
    <subfield code="a">Bibliograf&#xED;a de la historia dominicana :</subfield>
    <subfield code="b">1730-2013 /</subfield>
    <subfield code="c">Frank Moya Pons</subfield>
  </datafield>
  <datafield tag="260" ind1=" " ind2=" ">
    <subfield code="a">Santo Domingo :</subfield>
    <subfield code="b">Academia Dominicana de la Historia,</subfield>
    <subfield code="c">2013.</subfield>
  </datafield>
  <datafield tag="300" ind1=" " ind2=" ">
    <subfield code="a">3 v. ;</subfield>
    <subfield code="c">23 cm.</subfield>
  </datafield>
  <datafield tag="490" ind1="1" ind2=" ">
    <subfield code="a">Academia Dominicana de la Historia</subfield>
    <subfield code="v">108</subfield>
  </datafield>
  <datafield tag="500" ind1=" " ind2=" ">
    <subfield code="a">Incluye datos biogr&#xE1;ficos del autor en la solapa de la cubierta</subfield>
  </datafield>
  <datafield tag="505" ind1="0" ind2=" ">
    <subfield code="g">v. 1</subfield>
    <subfield code="t">Relaci&#xF3;n peri&#xF3;dica y tem&#xE1;tica</subfield>
    <subfield code="g">v. 2</subfield>
    <subfield code="t">Relaci&#xF3;n cronol&#xF3;gica</subfield>
    <subfield code="g">v. 3</subfield>
    <subfield code="t">Relaci&#xF3;n alfab&#xE9;tica</subfield>
  </datafield>
  <datafield tag="590" ind1=" " ind2=" ">
    <subfield code="6">Inventariado,2021/VM</subfield>
  </datafield>
  <datafield tag="651" ind1=" " ind2="4">
    <subfield code="a">Rep&#xFA;blica Dominicana</subfield>
    <subfield code="x">Historia </subfield>
    <subfield code="y">Colonia, 1503-1844</subfield>
  </datafield>
  <datafield tag="651" ind1=" " ind2="4">
    <subfield code="a">Rep&#xFA;blica Dominicana </subfield>
    <subfield code="x">Historia </subfield>
    <subfield code="y">Anexi&#xF3;n a Espa&#xF1;a, 1861-1863</subfield>
    <subfield code="v">Bibliograf&#xED;a </subfield>
  </datafield>
  <datafield tag="651" ind1=" " ind2="4">
    <subfield code="a">Rep&#xFA;blica Dominicana </subfield>
    <subfield code="x">Historia </subfield>
    <subfield code="y">Restauraci&#xF3;n, 1863-1865</subfield>
    <subfield code="v">Bibliograf&#xED;a </subfield>
  </datafield>
  <datafield tag="651" ind1=" " ind2="4">
    <subfield code="a">Rep&#xFA;blica Dominicana </subfield>
    <subfield code="x">Historia </subfield>
    <subfield code="y">1730-2010</subfield>
    <subfield code="v">Bibliograf&#xED;a </subfield>
  </datafield>
  <datafield tag="651" ind1=" " ind2="4">
    <subfield code="a">Rep&#xFA;blica Dominicana </subfield>
    <subfield code="x">Historia </subfield>
    <subfield code="x">Ocupaci&#xF3;n Norteamericana </subfield>
    <subfield code="y">1916-1924</subfield>
    <subfield code="v">Bibliograf&#xED;a </subfield>
  </datafield>
  <datafield tag="651" ind1=" " ind2="4">
    <subfield code="a">Rep&#xFA;blica Dominicana </subfield>
    <subfield code="x">Historia </subfield>
    <subfield code="y">Era de Trujillo, 1930-1961</subfield>
    <subfield code="v">Bibliograf&#xED;a </subfield>
  </datafield>
  <datafield tag="710" ind1=" " ind2=" ">
    <subfield code="4">Academia Dominicana de la Historia, (Rep&#xFA;blica Dominicana)</subfield>
  </datafield>
  <datafield tag="830" ind1=" " ind2=" ">
    <subfield code="p">Academia Dominicana de la Historia,</subfield>
    <subfield code="v">108 (Rep&#xFA;blica Dominicana)</subfield>
  </datafield>
  <datafield tag="910" ind1=" " ind2=" ">
    <subfield code="a">Vmateo / Validado. Control de calidad MFF</subfield>
  </datafield>
  <datafield tag="942" ind1=" " ind2=" ">
    <subfield code="2">ddc</subfield>
    <subfield code="c">BK</subfield>
  </datafield>
  <datafield tag="945" ind1=" " ind2=" ">
    <subfield code="a">Inventariado / 2017 VM</subfield>
  </datafield>
  <datafield tag="952" ind1=" " ind2=" ">
    <subfield code="0">0</subfield>
    <subfield code="1">0</subfield>
    <subfield code="2">ddc</subfield>
    <subfield code="4">0</subfield>
    <subfield code="7">0</subfield>
    <subfield code="8">CR-D</subfield>
    <subfield code="a">BPMET</subfield>
    <subfield code="b">BPMET</subfield>
    <subfield code="d">2015-08-03</subfield>
    <subfield code="e">Donado ADH</subfield>
    <subfield code="l">0</subfield>
    <subfield code="o">R 016.97293  M938b</subfield>
    <subfield code="p">BPMSU15080003</subfield>
    <subfield code="r">2015-08-03</subfield>
    <subfield code="t">v. 1</subfield>
    <subfield code="w">2015-08-03</subfield>
    <subfield code="y">BK</subfield>
  </datafield>
  <datafield tag="952" ind1=" " ind2=" ">
    <subfield code="0">0</subfield>
    <subfield code="1">0</subfield>
    <subfield code="2">ddc</subfield>
    <subfield code="4">0</subfield>
    <subfield code="7">0</subfield>
    <subfield code="8">CR-D</subfield>
    <subfield code="a">BPMET</subfield>
    <subfield code="b">BPMET</subfield>
    <subfield code="d">2015-08-03</subfield>
    <subfield code="e">Donado ADH</subfield>
    <subfield code="l">0</subfield>
    <subfield code="o">R 016.97293  M938b</subfield>
    <subfield code="p">BPMSU15080005</subfield>
    <subfield code="r">2015-08-03</subfield>
    <subfield code="t">v. 1, e. 2</subfield>
    <subfield code="w">2015-08-03</subfield>
    <subfield code="y">BK</subfield>
  </datafield>
  <datafield tag="952" ind1=" " ind2=" ">
    <subfield code="0">0</subfield>
    <subfield code="1">0</subfield>
    <subfield code="2">ddc</subfield>
    <subfield code="4">0</subfield>
    <subfield code="7">0</subfield>
    <subfield code="8">CR-D</subfield>
    <subfield code="a">BPMET</subfield>
    <subfield code="b">BPMET</subfield>
    <subfield code="d">2015-08-03</subfield>
    <subfield code="e">Donado ADH</subfield>
    <subfield code="l">0</subfield>
    <subfield code="o">R 016.97293  M938b</subfield>
    <subfield code="p">BPMSU15080006</subfield>
    <subfield code="r">2015-08-03</subfield>
    <subfield code="t">v. 1, e. 3</subfield>
    <subfield code="w">2015-08-03</subfield>
    <subfield code="y">BK</subfield>
  </datafield>
  <datafield tag="952" ind1=" " ind2=" ">
    <subfield code="0">0</subfield>
    <subfield code="1">0</subfield>
    <subfield code="2">ddc</subfield>
    <subfield code="4">0</subfield>
    <subfield code="7">0</subfield>
    <subfield code="8">CR-D</subfield>
    <subfield code="a">BPMET</subfield>
    <subfield code="b">BPMET</subfield>
    <subfield code="d">2015-08-03</subfield>
    <subfield code="e">Donado ADH</subfield>
    <subfield code="l">0</subfield>
    <subfield code="o">R 016.97293  M938b</subfield>
    <subfield code="p">BPMSU15080007</subfield>
    <subfield code="r">2015-08-03</subfield>
    <subfield code="t">v. 2</subfield>
    <subfield code="w">2015-08-03</subfield>
    <subfield code="y">BK</subfield>
  </datafield>
  <datafield tag="952" ind1=" " ind2=" ">
    <subfield code="0">0</subfield>
    <subfield code="1">0</subfield>
    <subfield code="2">ddc</subfield>
    <subfield code="4">0</subfield>
    <subfield code="7">0</subfield>
    <subfield code="8">CR-D</subfield>
    <subfield code="a">BPMET</subfield>
    <subfield code="b">BPMET</subfield>
    <subfield code="d">2015-08-03</subfield>
    <subfield code="e">Donado ADH</subfield>
    <subfield code="l">0</subfield>
    <subfield code="o">R 016.97293  M938b</subfield>
    <subfield code="p">BPMSU15080008</subfield>
    <subfield code="r">2015-08-03</subfield>
    <subfield code="t">v. 2, e. 2</subfield>
    <subfield code="w">2015-08-03</subfield>
    <subfield code="y">BK</subfield>
  </datafield>
  <datafield tag="952" ind1=" " ind2=" ">
    <subfield code="0">0</subfield>
    <subfield code="1">0</subfield>
    <subfield code="2">ddc</subfield>
    <subfield code="4">0</subfield>
    <subfield code="7">0</subfield>
    <subfield code="8">CR-D</subfield>
    <subfield code="a">BPMET</subfield>
    <subfield code="b">BPMET</subfield>
    <subfield code="d">2015-08-03</subfield>
    <subfield code="e">Donado ADH</subfield>
    <subfield code="l">0</subfield>
    <subfield code="o">R 016.97293  M938b</subfield>
    <subfield code="p">BPMSU15080009</subfield>
    <subfield code="r">2015-08-03</subfield>
    <subfield code="t">v. 2, e. 3</subfield>
    <subfield code="w">2015-08-03</subfield>
    <subfield code="y">BK</subfield>
  </datafield>
  <datafield tag="952" ind1=" " ind2=" ">
    <subfield code="0">0</subfield>
    <subfield code="1">0</subfield>
    <subfield code="2">ddc</subfield>
    <subfield code="4">0</subfield>
    <subfield code="7">0</subfield>
    <subfield code="8">CR-D</subfield>
    <subfield code="a">BPMET</subfield>
    <subfield code="b">BPMET</subfield>
    <subfield code="d">2015-08-03</subfield>
    <subfield code="e">Donado ADH</subfield>
    <subfield code="l">0</subfield>
    <subfield code="o">R 016.97293  M938b</subfield>
    <subfield code="p">BPMSU15080010</subfield>
    <subfield code="r">2015-08-03</subfield>
    <subfield code="t">v. 3</subfield>
    <subfield code="w">2015-08-03</subfield>
    <subfield code="y">BK</subfield>
  </datafield>
  <datafield tag="952" ind1=" " ind2=" ">
    <subfield code="0">0</subfield>
    <subfield code="1">0</subfield>
    <subfield code="2">ddc</subfield>
    <subfield code="4">0</subfield>
    <subfield code="7">0</subfield>
    <subfield code="8">CR-D</subfield>
    <subfield code="a">BPMET</subfield>
    <subfield code="b">BPMET</subfield>
    <subfield code="d">2015-08-03</subfield>
    <subfield code="e">Donado ADH</subfield>
    <subfield code="l">0</subfield>
    <subfield code="o">R 016.97293  M938b</subfield>
    <subfield code="p">BPMSU15080011</subfield>
    <subfield code="r">2015-08-03</subfield>
    <subfield code="t">v. 3, e. 2</subfield>
    <subfield code="w">2015-08-03</subfield>
    <subfield code="y">BK</subfield>
  </datafield>
  <datafield tag="952" ind1=" " ind2=" ">
    <subfield code="0">0</subfield>
    <subfield code="1">0</subfield>
    <subfield code="2">ddc</subfield>
    <subfield code="4">0</subfield>
    <subfield code="7">0</subfield>
    <subfield code="8">CR-D</subfield>
    <subfield code="a">BPMET</subfield>
    <subfield code="b">BPMET</subfield>
    <subfield code="d">2017-09-05</subfield>
    <subfield code="e">Donado ADH</subfield>
    <subfield code="o">BPMSU CD R016.97293 M938b</subfield>
    <subfield code="p">BPMSU21030072</subfield>
    <subfield code="r">2021-03-26</subfield>
    <subfield code="t">v.3, e. 3</subfield>
    <subfield code="w">2021-03-26</subfield>
    <subfield code="y">BK</subfield>
  </datafield>
  <datafield tag="999" ind1=" " ind2=" ">
    <subfield code="c">8044</subfield>
    <subfield code="d">8044</subfield>
  </datafield>
</record>
